01150cac a22003255a 4500001001000000003000400010005001700014008004100031020002500072020001500097040003600112082002100148100002600169245008200195250003600277260005100313300002800364500002400392500002700416504003100443590001000474650003100484651001000515653003400525700003400559700003600593942002100629999001700650952015700667016527891OSt20151021103357.0131113t2014 enka frbd 001 0 eng d a9781292000411 (pbk.) a1292000414 aStDuBDSbengcStDuBDSdEG-ScBUE04a658.872bSTR2221 aStrauss, Judy.93252610aE-Marketing /cJudy Strauss, Raymond Frost, contributions by Nilanjana Sinha. a7th ed., International edition. aBoston :bPearson education limited, cc.2014. a496 p. :bill. ;c24 cm aIndex : p. 486-496. aGlossary : p. 465-477. aBibliography : p. 478-485. ashima 0aInternet marketing.2BUEsh 2BUEsh bCOMAMEcJune2015cOctober20151 aFrost, Raymond,d1960-9325281 aSinha, Nilanjana,econtributor. 2ddck658.872 STR c19662d19634 00102ddc40708AlahramaMAINbMAINc1STd2015-06-15ePurchaseg295.00h315l3m12o658.872 STRp000038602r2025-07-15 00:00:00s2019-01-06v368.75yBB